Data structures and program design in pascal. / (Record no. 2487)
[ view plain ]
| 000 -LEADER | |
|---|---|
| fixed length control field | 01216nam a22001817a 4500 |
| 008 - FIXED-LENGTH DATA ELEMENTS--GENERAL INFORMATION | |
| fixed length control field | 121102t xxu||||| |||| 00| 0 eng d |
| 020 ## - INTERNATIONAL STANDARD BOOK NUMBER | |
| International Standard Book Number | 0023694653 |
| 050 ## - LIBRARY OF CONGRESS CALL NUMBER | |
| Classification number | QA76.73.P2 N94 |
| 100 ## - MAIN ENTRY--PERSONAL NAME | |
| Personal name | Nyhoff, Larry |
| 245 ## - TITLE STATEMENT | |
| Title | Data structures and program design in pascal. / |
| Statement of responsibility, etc. | Larry Nyhoff |
| 250 ## - EDITION STATEMENT | |
| Edition statement | 2nd ed. |
| 260 ## - PUBLICATION, DISTRIBUTION, ETC. | |
| Place of publication, distribution, etc. | New York: |
| Name of publisher, distributor, etc. | Macmiilan, |
| Date of publication, distribution, etc. | 1992. |
| 300 ## - PHYSICAL DESCRIPTION | |
| Extent | xii,740 p.: |
| Other physical details | ill.; |
| Dimensions | 26cm. |
| 500 ## - GENERAL NOTE | |
| General note | Includes index. |
| 505 ## - FORMATTED CONTENTS NOTE | |
| Formatted contents note | Contents: Software development -- Introduction to data structures and abstract data types -- Strings -- Stacks -- Queues -- Algorithms and recursion -- Lists -- Other linked structures -- Binary trees -- Sorting -- Sorting and searching files -- Trees -- Graphs and diagraphs -- Object-oriented programming -- Appendix A: ASCII and EBCDIC -- Appendix B: Pascal reserved words, standard identifiers, and operators -- Syntax diagrams -- Appendix D: Pascal predefined functions and procedures -- Appendix E: Sample data files -- Appendix F: Miscellany -- Appendix G: Turbo pascal -- Appendix H: Answers to selected exercises. |
| 650 ## - SUBJECT ADDED ENTRY--TOPICAL TERM | |
| Topical term following geographic name entry element | Pascal (Computer program language) |
| General subdivision | Data structures (Computer science) |
| -- | Data -- structures -- (Computer -- science) |
| 942 ## - ADDED ENTRY ELEMENTS (KOHA) | |
| Source of classification or shelving scheme | Library of Congress Classification |
| Koha item type | Books |
| Withdrawn status | Lost status | Source of classification or shelving scheme | Damaged status | Not for loan | Home library | Current library | Shelving location | Date acquired | Total Checkouts | Full call number | Barcode | Date last seen | Copy number | Price effective from | Koha item type |
|---|---|---|---|---|---|---|---|---|---|---|---|---|---|---|---|
| Library of Congress Classification | WISCONSIN INTERNATIONAL UNIVERSITY COLLEGE, GHANA - MAIN LIBRARY | WISCONSIN INTERNATIONAL UNIVERSITY COLLEGE, GHANA - MAIN LIBRARY | Reference | 02/11/2012 | QA76.73.P2 N94 | 6266/12 | 02/11/2012 | 1 | 02/11/2012 | Books |
